[Event "Madrid-ch Previa-A"]
[Site "Madrid"]
[Date "2020.02.17"]
[Round "7"]
[White "Giron Herranz, Ivan"]
[Black "Jara Sanchez, Carlos"]
[Result "1/2-1/2"]
[WhiteElo "1341"]
[BlackElo "1652"]
[PlyCount "60"]
[EventDate "2020.02.03"]
[EventType "swiss"]
[EventRounds "9"]
[EventCountry "ESP"]
[SourceTitle "EXT 2021"]
[Source "ChessBase"]
[SourceDate "2020.10.23"]
[SourceVersion "1"]
[SourceVersionDate "2020.10.23"]
[SourceQuality "1"]

1. f4 f5 2. e3 Nf6 3. Nf3 e6 4. b3 d5 5. Be2 Nc6 6. Bb5 Bd7 7. Bb2 Be7 8. d3 a6 9. Bxc6 Bxc6 10. Bxf6 Bxf6 11. d4 0-0 12. Nc3 b6 13. Ne2 Bb7 14. Nc1 c5 15. c3 Qc7 16. Nd3 cxd4 17. cxd4 Qc3+ 18. Ke2 Rac8 19. Rc1 Qa5 20. Qd2 Qxd2+ 21. Kxd2 Kf7 22. Nfe5+ Ke7 23. b4 g5 24. Rxc8 Rxc8 25. Rc1 Rxc1 26. Kxc1 gxf4 27. exf4 Kd6 28. Kd2 Kc7 29. Ke3 Be7 30. h3 Bc8 1/2-1/2

[Event "Madrid San Viator op-B 31st"]
[Site "Madrid"]
[Date "2019.10.27"]
[Round "7"]
[White "Giron Herranz, Ivan"]
[Black "Vinas Blasco, Jorge"]
[Result "0-1"]
[WhiteElo "1097"]
[BlackElo "1497"]
[PlyCount "80"]
[EventDate "2019.09.08"]
[EventType "swiss"]
[EventRounds "9"]
[EventCountry "ESP"]
[SourceTitle "EXT 2022"]
[Source "ChessBase"]
[SourceDate "2021.10.06"]
[SourceVersion "1"]
[SourceVersionDate "2021.10.06"]
[SourceQuality "1"]

1. e4 e6 2. d4 d5 3. e5 c5 4. c3 Qb6 5. b3 Nc6 6. Be3 cxd4 7. Bxd4 Nxd4 8. Qxd4 Bc5 9. Qd2 Bd7 10. b4 Be7 11. Nf3 a5 12. bxa5 Rxa5 13. Be2 Bb5 14. 0-0 Bc5 15. Bxb5+ Rxb5 16. Qd3 Ne7 17. Nd4 Bxd4 18. cxd4 Rb4 19. Rd1 Nc6 20. a3 Rxd4 21. Qc2 Rxd1+ 22. Qxd1 Nxe5 23. Qa4+ Nc6 24. Qa8+ Nd8 25. Qa4+ Qc6 26. Qxc6+ Nxc6 27. Nc3 Kd7 28. Nb5 d4 29. Kf1 e5 30. Rb1 Ra8 31. Nxd4 exd4 32. Rxb7+ Ke6 33. Rb6 Kd5 34. Rb7 Ra7 35. Rb3 Kc4 36. Rb6 Ne5 37. Rb4+ Kc3 38. Rb5 Nc4 39. Rf5 d3 40. a4 Rxa4 0-1

[Event "Madrid San Viator op-B 31st"]
[Site "Madrid"]
[Date "2019.09.08"]
[Round "1"]
[White "Castro Uceda, Jose Antonio"]
[Black "Giron Herranz, Ivan"]
[Result "1-0"]
[WhiteElo "1518"]
[BlackElo "1097"]
[PlyCount "34"]
[EventDate "2019.09.08"]
[EventType "swiss"]
[EventRounds "9"]
[EventCountry "ESP"]
[SourceTitle "EXT 2022"]
[Source "ChessBase"]
[SourceDate "2021.10.06"]
[SourceVersion "1"]
[SourceVersionDate "2021.10.06"]
[SourceQuality "1"]

1. e4 e6 2. d4 d5 3. exd5 exd5 4. Bd3 Nf6 5. Nf3 Bd6 6. h3 h6 7. 0-0 0-0 8. Re1 Re8 9. c3 Bd7 10. Ne5 Nc6 11. Bf4 Bxe5 12. Bxe5 Nxe5 13. dxe5 Qe7 14. Nd2 Bc6 15. exf6 Qxe1+ 16. Qxe1 Rxe1+ 17. Rxe1 gxf6 1-0